000 00380nam a2200157Ia 4500
008 230711s9999||||xx |||||||||||||| ||und||
041 _aENG
082 _a4
_bHU-E
100 _aHuang,Han-Way
245 0 _aEmbedded system design using 8051
250 _a1st Ed.
260 _c2009
_aNew Delhi
_bCengage Learning
300 _a668
650 _aComputer Engineering
942 _cBK
999 _c5162
_d5162